000
00289nam a22001337a 4500
008
170602b xxu||||| |||| 00| 0 eng d
020
_a
9780811709002
041
_a
eng
080
_a
94(100)
100
_a
18
101
_a
SHH
245
_a
IN ENEMY HANDS
_c
SWEDBERG,C
942
_2
udc
_c
BK
999
_c
15829
_d
15829